| 000 | 00432nam a2200181Ia 4500 | ||
|---|---|---|---|
| 005 | 20250603145217.0 | ||
| 008 | 250603s9999 xx 000 0 und d | ||
| 020 | _a1932099581 | ||
| 050 | _aBP 170.8 .B9520/ | ||
| 100 | _aBüyükçelebi, İsmail, 1948- | ||
| 245 | 0 | _aIslam the universal faith | |
| 260 | _aNew Jersey | ||
| 260 | _bThe Light Inc. | ||
| 260 | _c2004 | ||
| 300 | _a22 p | ||
| 650 | _aNew Jersey | ||
| 942 | _cBK | ||
| 999 |
_c41198 _d41198 |
||